Enquiry into the impact of foreign countries on the system of education in India (Record no. 13640)

MARC details
000 -LEADER
fixed length control field 00329nam a2200121Ia 4500
082 ## - DEWEY DECIMAL CLASSIFICATION NUMBER
Classification number RL.001;
100 ## - MAIN ENTRY--AUTHOR NAME
Personal name Lingajammanni, A.
245 #0 - TITLE STATEMENT
Title Enquiry into the impact of foreign countries on the system of education in India
260 ## - PUBLICATION, DISTRIBUTION, ETC. (IMPRINT)
Year of publication 1970
300 ## - PHYSICAL DESCRIPTION
Number of Pages 142, 20p.
942 ## - ADDED ENTRY ELEMENTS (KOHA)
Koha item type Books
Holdings
Withdrawn status Lost status Damaged status Not for loan Home library Current library Date acquired Full call number Accession Number Price effective from Koha item type
        NASSDOC Library NASSDOC Library 08/10/2004 RL.001; 9416 18/04/2019 Books